Report of the geological reconnoissance of the state of Virginia. (Record no. 24167)

MARC details
000 -LEADER
fixed length control field 00787cam a22002291 4500
001 - CONTROL NUMBER
control field gs 05000209
003 - CONTROL NUMBER IDENTIFIER
control field DLC
005 - DATE AND TIME OF LATEST TRANSACTION
control field 20260227111300.0
008 - FIXED-LENGTH DATA ELEMENTS--GENERAL INFORMATION
fixed length control field 801020s1836 pau 000 0 eng c
010 ## - LIBRARY OF CONGRESS CONTROL NUMBER
LC control number gs 05000209
035 ## - SYSTEM CONTROL NUMBER
System control number (OCoLC)6840428
040 ## - CATALOGING SOURCE
Original cataloging agency U.S. Geol. Survey Lib.
Transcribing agency ViU
Modifying agency DLC
042 ## - AUTHENTICATION CODE
Authentication code premarc
043 ## - GEOGRAPHIC AREA CODE
Geographic area code n-us-va
050 00 - LIBRARY OF CONGRESS CALL NUMBER
Classification number QE173
Item number .A1
110 1# - MAIN ENTRY--CORPORATE NAME
Corporate name or jurisdiction name as entry element Virginia.
Subordinate unit Board of Public Works.
245 10 - TITLE STATEMENT
Title Report of the geological reconnoissance of the state of Virginia.
Remainder of title Made under the appointment of the Board of public works,
Statement of responsibility, etc. by William B. Rogers ...
260 ## - PUBLICATION, DISTRIBUTION, ETC.
Place of publication, distribution, etc. Philadelphia,
Name of publisher, distributor, etc. Desilver, Thomas & Co.,
Date of publication, distribution, etc. 1836.
300 ## - PHYSICAL DESCRIPTION
Extent 143, [1] p.
Other physical details fold. front. (profile)
Dimensions 23 cm.
650 #0 - SUBJECT ADDED ENTRY--TOPICAL TERM
Topical term or geographic name entry element Geology
Geographic subdivision Virginia.
700 1# - ADDED ENTRY--PERSONAL NAME
Personal name Rogers, William Barton,
Dates associated with a name 1804-1882.

No items available.

Powered by Koha